| 000 | 00718nam a22002297b 4500 | ||
|---|---|---|---|
| 003 | 3228 | ||
| 005 | 20260324143941.0 | ||
| 008 | 260324b sa a|||j |||| 00| 1 AFR d | ||
| 020 | _a062407060 (hardback) | ||
| 040 |
_aMPL _beng _c3228 _erda |
||
| 041 | _aAfrikaans | ||
| 082 | 0 | _aATF KUHN | |
| 100 |
_9122933 _aKuhne, W.O. _eauthor |
||
| 245 |
_aHuppel en sy maats / _cW.O. Kühne ; geïllustreer deur Dorothy Hill |
||
| 250 | _aEerste uitgawe | ||
| 260 |
_aKaapstad : _bTafelberg-Uitgewers , _c©1982, _c1982. |
||
| 300 |
_a174 pages : _billustrations ; _c22 cm |
||
| 655 | 0 |
_9188476 _aYouth Fiction |
|
| 655 | 0 |
_9188670 _aHuman Relations Fiction |
|
| 700 |
_9198937 _aHill, Dorothy _eillustrator |
||
| 942 |
_2ddc _cBK _w296 _xPhillipina Naude _y296 _zPhillipina Naude |
||
| 999 |
_c795037 _d795036 |
||